| 000 | 00555nam a2200217Ia 4500 | ||
|---|---|---|---|
| 003 | OSt | ||
| 005 | 20220924134532.0 | ||
| 006 | a|||||r|||| 00| 0 | ||
| 007 | ta | ||
| 008 | 220923b |||||||| |||| 00| 0 snd d | ||
| 024 | _a276239 | ||
| 037 | _cTextual | ||
| 040 |
_aARTS _cARTS _bsnd |
||
| 041 |
_2snd _asnd |
||
| 082 | _aO1593,2:g, L0 | ||
| 100 |
_aNagwanee Hemraj Gokaldas _9208635 |
||
| 245 | 0 | _aMor Nachanda Rahan | |
| 260 | _c1970 | ||
| 942 |
_hO1593,2:g, L0 _cTEXL _2CC |
||
| 999 |
_c437677 _d437677 |
||